Concellos con más habitantes de Galicia (por provincias) - Estadísticas

Estadísticas generales
  • Esta prueba ha sido intentada 1.239 veces
  • La puntuación promedio es 25 de 40
Estadísticas de respuestas
A CORUÑA A CORUÑA % Correcto
248k A Coruña
99%
98k Lugo
98%
298k Vigo
98%
106k Ourense
97%
83k Pontevedra
96%
98k Santiago de Compostela
95%
66k Ferrol
93%
38k Vilagarcía de Arousa
77%
18k Monforte de Lemos
76%
33k Arteixo
71%
39k Narón
70%
37k Oleiros
70%
14k Verín
70%
15k Viveiro
68%
31k Carballo
67%
10k Ribadeo
67%
27k Cangas
62%
20k Lalín
60%
13k O Barco de Valdeorras
60%
14k O Carballiño
60%
10k Xinzo de Limia
60%
29k Redondela
57%
14k Vilalba
56%
32k Ames
54%
10k Foz
54%
24k Marín
54%
27k Ribeira
54%
6k Allariz
52%
20k O Porriño
52%
13k Sarria
52%
31k Culleredo
51%
20k A Estrada
50%
9k Burela
48%
8k Chantada
43%
23k Ponteareas
37%
6k Celanova
36%
11k Barbadás
26%
5k Guitiriz
26%
6k O Pereiro de Aguiar
17%
5k San Cibrao das Viñas
17%
No se encontraron pruebas coincidentes
Distribución de puntuación
Porcentaje de gente con cada puntuación
Porcentaje por número respondido
Historial de tus puntuaciones
No has intentado esta prueba.